Les œuvres de Voltaire- Mort subite - Statistiques

Statistiques générales
  • Ce quiz a été pris 76 fois
  • Le résultat moyen est 3 sur 15
Answers on the Grid
Answers color-coded by a green-red scale on the quiz's grid according to % correct below.
Finances
Aventure de la mémoire
Candide ,ou l'optimisme
Micromegas
Zadig ou la Destinée
L'ingénu
Traité sur la Tolérance
Lettres philosophiques
Dictionnaire philosophique
La princesse de Babylone
Jeannot et Colin
Dieu et les hommes
Œdipe
Le Taureau Blanc
La Mort de César
Micromegas chez les modernes
L'optimisme puni
Le Monde tel qui ne va pas
L'histoire invisible des idées
Le théologien malgré lui
Le miroir des sots
Dialogue entre un muet et un bavard
Le fanatisme des gens raisonnables
Philandre ou le rêve des sages
Zadere ou le malheur d'être né
Selime ou le philosophe humilié
Pamphile ou les délices de la vie
Lélis où l'Innocent
Zéphir ou l'Envie d'ailleurs
La République des Aveugles
 
Statistiques - réponses
Réponse % Correct
Zadig ou la Destinée
58%
Candide ,ou l'optimisme
53%
Lettres philosophiques
38%
Micromegas
38%
L'ingénu
36%
Traité sur la Tolérance
36%
Dictionnaire philosophique
29%
Jeannot et Colin
13%
Œdipe
13%
Le Taureau Blanc
9%
Dieu et les hommes
7%
La princesse de Babylone
7%
Aventure de la mémoire
4%
La Mort de César
2%
Finances
0%
Aucun quiz correspondant
Distribution des résultats
% des personnes avec chaque résultat
Percentile par nombre de réponses
Votre historique - résultats
Vous n’avez pas pris ce quiz